| 000 | 00413pam a2200157 a 4500 | ||
|---|---|---|---|
| 020 |
_a9781119241355 _c |
||
| 041 | _aeng | ||
| 082 |
_a616.6 _bSMI |
||
| 100 | _aSMITH A . D. PREMINGER G . KAVOUSSIL. | ||
| 245 |
_aSMITH`S TEXTBOOK OF ENDOUROLOGYVOL .1 _hTextual Documents |
||
| 250 | _a4. | ||
| 260 |
_aMUMBAI _bWILEY BLACK WELL _c2019 |
||
| 300 |
_a877: _bXLIII+ _eHB. |
||
| 930 | _a9015 | ||
| 999 |
_c803542 _d803542 |
||
| 650 | _aUROLOGY | ||